| 000 | 00785nam0a22002291 4500 | ||
|---|---|---|---|
| 001 | rc\423196 | ||
| 005 | 20260407122458.0 | ||
| 035 | _a(NLR Aleph) 005670585 | ||
| 090 |
_a6970091 _c6970091 |
||
| 100 | _a20030616d1987 |||y0rusy50 ca | ||
| 101 | 0 | _arus | |
| 102 | _aRU | ||
| 105 | _ay ||||||||| | ||
| 200 | 1 |
_aДИАЛЕКТИКА социализма _eМатериалы в помощь лектору _e[По материалам период. печати] _fО-во "Знание" КазССР |
|
| 210 |
_aАлма-Ата _cБ. и. _d1987 |
||
| 215 |
_a15 с. _d20 |
||
| 712 | 0 | 2 |
_a"Знание", о-во КазССР _cАлма-Ата _9414424 _3RU\NLR\AUTH\889959125 |
| 801 | 0 |
_aRU _bNLR _gpsbo |
|
| 801 | 1 |
_aRU _bELAR _2rusmarc |
|
| 852 |
_aNLR _j89-4/3588 |
||
| 942 | _cBOOK | ||
| 980 | _aNB | ||